Ćwierćfinaliści Mistrzostw Europy w Piłce Nożnej - Statystyki

Ogólne statystyki
  • Ten quiz został rozwiązany 90 razy
  • Średni wynik to 51 z 56
Statystyki odpowiedzi
Rok Reprezentacja % Poprawnych
2016 Polska
100%
1996 Anglia
99%
2004 Anglia
99%
2012 Anglia
99%
2020 Anglia
99%
1996 Francja
97%
2000 Francja
97%
2004 Francja
97%
2012 Francja
97%
2016 Francja
97%
2000 Włochy
97%
2008 Włochy
97%
2012 Włochy
97%
2016 Włochy
97%
2020 Włochy
97%
1996 Hiszpania
96%
2000 Hiszpania
96%
2008 Hiszpania
96%
2012 Hiszpania
96%
2020 Hiszpania
96%
1996 Portugalia
96%
2000 Portugalia
96%
2004 Portugalia
96%
2008 Portugalia
96%
2012 Portugalia
96%
2016 Portugalia
96%
1996 Niemcy
95%
2008 Niemcy
95%
2012 Niemcy
95%
2016 Niemcy
95%
2016 Belgia
94%
2020 Belgia
94%
1996 Chorwacja
92%
2008 Chorwacja
92%
1996 Czechy
92%
2004 Czechy
92%
2012 Czechy
92%
2020 Czechy
92%
1996 Holandia
92%
2000 Holandia
92%
2004 Holandia
92%
2008 Holandia
92%
2004 Grecja
91%
2012 Grecja
91%
2008 Rosja
91%
2004 Szwecja
88%
2004 Dania
86%
2020 Dania
86%
2016 Walia
83%
2020 Ukraina
82%
2020 Szwajcaria
81%
2000 Turcja
74%
2008 Turcja
74%
2000 Rumunia
71%
2016 Islandia
64%
2000 Jugosławia
45%
Nie znaleziono quizów pasujących do podanych kryteriów
Rozkład punktacji
Procent ludzi z każdym wynikiem
Percentyl według liczby udzielonych odpowiedzi
Twoja historia wyników
Nie rozwiązałeś tego quizu